[Event "178th open MGU 7-8 January 2017"]
[Site "Sofia"]
[Date "2017.01.07"]
[Round "3.3"]
[White "Tsyntsarski, Boyko"]
[Black "Kosturkov, Krasimir"]
[Result "1-0"]
[WhiteElo "1636"]
[BlackElo "1679"]
[PlyCount "51"]
[EventDate "2017.01.07"]
[EventType "swiss"]
[EventRounds "6"]
[EventCountry "BUL"]

1. e4 c5 2. Nf3 Nc6 3. d4 cxd4 4. Nxd4 Nf6 5. Nc3 e5 6. Ndb5 d6 7. Bg5 a6 8.
Bxf6 gxf6 9. Na3 f5 10. Qh5 Nd4 ({RR} 10... Bg7 11. Bc4 O-O 12. exf5 Nd4 13.
Bd3 e4 14. Bxe4 Bxf5 15. Bxf5 Nxf5 16. Qxf5 Re8+ 17. Kf1 b5 18. Qg4 b4 19. Qxb4
Rb8 20. Qg4 Rxb2 21. h4 h5 22. Qxh5 Bxc3 23. Rh3 Bg7 24. Rg3 Re6 25. Qd5 {
Desideri,R (1843)-Caldeira,T (2058)/Sao Paulo 2014/CBM 158 Extra/1/2 (32)}) 11.
Bc4 Qf6 $146 ({RR} 11... Be6 12. Bxe6 Nxe6 13. Qxf5 Be7 ({RR} 13... Nd4 14. Qh5
({RR} 14. Qh3 b5 15. Nd5 Bg7 16. c3 Ne6 17. Nc2 a5 18. Nce3 Nc5 19. Nf5 Bf8 20.
Qf3 Ra7 21. Rd1 Rg8 22. h4 Ne6 23. g3 h6 24. Qe3 Rb7 25. Nxh6 Rh8 26. Ng4 Be7
27. Qf3 b4 28. O-O Bxh4 {
Csatho,G (1804)-Konya,A (1809)/Hungary 2011/EXT 2013/0-1 (69)}) 14... b5 15.
Nd5 Rb8 16. c3 Nc6 17. Qf5 {
1-0 Petersson,B (1575)-De Winter,E (1823)/Reykjavik 2013/CBM 153 Extra}) 14.
Nd5 O-O 15. c3 Rc8 16. O-O Kh8 17. Nc2 Ng5 18. Nce3 Rg8 19. Nxe7 Qxe7 20. Nd5
Qd8 21. f4 exf4 22. Rxf4 Rg7 23. Raf1 Ne6 24. Rg4 Rxg4 25. Qxg4 Qg8 26. Qf5 {
Fullana Benito,D (1947)-Santandreu Capo,G (2007)/Palma de Mallorca 2000/EXT
2003/1-0 (58)}) 12. Nd5 Qd8 13. Nb6 Qxb6 14. Qxf7+ Kd8 15. Qf6+ Kc7 16. Qxh8
Be6 17. Qxh7+ Kc6 18. O-O Qxb2 19. Rab1 Qxa3 20. Qxb7+ Kc5 21. Qc7+ Nc6 22.
Qb6+ Kxc4 23. Qxc6+ Qc5 24. Qxa8 Bh6 25. Qxa6+ Kc3 26. Qd3# 1-0

[Event "178th open MGU 7-8 January 2017"]
[Site "Sofia"]
[Date "2017.01.07"]
[Round "3.4"]
[White "Anavi, David"]
[Black "Huebner, Thomas"]
[Result "1/2-1/2"]
[WhiteElo "1292"]
[BlackElo "1880"]
[PlyCount "56"]
[EventDate "2017.01.07"]
[EventType "swiss"]
[EventRounds "6"]
[EventCountry "BUL"]

1. e4 e5 2. Nf3 Nc6 3. Bb5 a6 4. Ba4 Nf6 5. O-O Be7 6. Re1 b5 7. Bb3 O-O 8. c3
d5 9. exd5 e4 10. dxc6 exf3 11. Qxf3 Bg4 12. Qe3 Re8 13. d4 Bd6 14. Qd2 Bf4 15.
Re3 Bxe3 16. fxe3 Qd6 $146 ({RR} 16... Be6 17. Qf2 Ne4 18. Qf1 Qf6 19. Qxf6
Nxf6 20. Bxe6 Rxe6 21. Bd2 Rxc6 22. Na3 Ne4 23. Be1 Re8 24. Nc2 a5 25. a4 bxa4
26. Rxa4 Rb6 27. Rxa5 Rxb2 28. Nb4 Rb1 29. Kf1 Nxc3 30. Nc6 h6 31. Ne5 {
Winkler,G-Darazs,Z (2192)/playchess.com INT 2004/EXT 2005/0-1 (39)}) ({RR} 
16... Ne4 17. Qe1 Qg5 ({RR} 17... Be6 18. Bc2 Bd5 19. Nd2 Qg5 20. Nf3 Qh6 21.
a4 Qxc6 22. Ne5 Qh6 23. b3 Bb7 24. c4 f6 25. Nf3 bxc4 26. bxc4 c5 27. d5 f5 28.
Qa5 Qd6 29. Rb1 Bc8 30. Ba3 Rb8 31. Rxb8 Qxb8 32. Bxc5 {
Purgar,I-Jambresic,J/Sibenik 2005/CBM 106 Extra/1/2 (46)}) 18. Nd2 Bh3 19. Qe2
Bxg2 20. Qxg2 Qxe3+ 21. Kh1 Nf2+ 22. Kg1 Nd3+ 23. Kh1 Qe1+ 24. Qf1 Qxf1+ 25.
Nxf1 Re1 26. Kg1 Rae8 27. d5 Nxc1 28. d6 cxd6 29. c7 Ne2+ 30. Kf2 Rxa1 {
0-1 Sauter,H-Boschetti,C (2155)/Mendrisio 1999/EXT 2000}) 17. d5 Re5 18. c4
Rae8 19. Qd4 bxc4 20. Bxc4 Re4 21. Qd3 Qc5 22. Na3 Bf5 23. Qf1 Ng4 24. Qxf5
Rxe3 25. Bxe3 Qxe3+ 26. Kh1 Nf2+ 27. Kg1 Ng4+ 28. Kh1 Nf2+ 1/2-1/2

[Event "178th open MGU 7-8 January 2017"]
[Site "Sofia"]
[Date "2017.01.07"]
[Round "3.5"]
[White "Mladenov, Andrey"]
[Black "Stefanov, Georgi"]
[Result "1-0"]
[WhiteElo "1589"]
[BlackElo "1262"]
[PlyCount "41"]
[EventDate "2017.01.07"]
[EventType "swiss"]
[EventRounds "6"]
[EventCountry "BUL"]

1. e4 e5 2. Nf3 Nf6 3. Nxe5 Qe7 4. Nf3 Qxe4+ 5. Be2 Bc5 6. O-O O-O 7. d4 Bb6 8.
c4 d6 9. Nc3 Qe7 10. Bg5 h6 $146 ({RR} 10... c6 11. Re1 Qd8 12. Ne4 Bf5 13.
Nxf6+ gxf6 14. Bh6 Re8 15. Bd3 Rxe1+ 16. Nxe1 Qd7 17. Qf3 Bxd3 18. Nxd3 {
1-0 Woerl,R (1981)-Schanz,K (1886)/Zirndorf 2002/EXT 2015}) 11. Nd5 Qe6 12.
Nxf6+ gxf6 13. Bxh6 Re8 14. Bd3 Bd7 15. Re1 Qg4 16. Rxe8+ Bxe8 17. Qe2 Nc6 18.
Re1 Bd7 19. d5 Nb4 20. Bb1 Re8 21. Qxe8+ 1-0

[Event "178th open MGU 7-8 January 2017"]
[Site "Sofia"]
[Date "2017.01.08"]
[Round "4.1"]
[White "Vasilev, Lyuboslav"]
[Black "Metev, Martin"]
[Result "0-1"]
[WhiteElo "1813"]
[BlackElo "2062"]
[PlyCount "68"]
[EventDate "2017.01.07"]
[EventType "swiss"]
[EventRounds "6"]
[EventCountry "BUL"]

1. e4 e6 2. d4 d5 3. exd5 exd5 4. Nf3 Nf6 5. Bd3 Bd6 6. Qe2+ Qe7 7. Qxe7+ Bxe7
8. Bf4 c6 9. h3 ({RR} 9. O-O O-O 10. Re1 Re8 11. Nbd2 Bg4 12. Ne5 Bh5 13. Re3
Nbd7 14. Nxd7 Nxd7 15. Rae1 Kf8 16. Rxe7 Rxe7 17. Bd6 Rae8 18. f4 Nb6 19. h3 h6
20. Kf2 Nc8 21. Bxe7+ Rxe7 22. Rxe7 Kxe7 23. c3 f6 {
Palkovich,D (2131)-Maratkanov,E (2172)/Voronezh 2016/EXT 2017/1/2 (31)}) 9...
O-O 10. O-O $146 ({RR} 10. Nbd2 Bb4 11. c3 Be7 12. O-O-O Rd8 13. Rdg1 Bd6 14.
Bxd6 Rxd6 15. g4 h6 16. Ne5 Nbd7 17. f3 Re6 18. f4 Nxe5 19. fxe5 Nh7 20. h4 g6
21. Rh2 Bd7 22. Rf2 Rf8 23. Rgf1 Kg7 24. h5 b5 {
Kaufman,E (1412)-Chuchin,S (1124)/Quebec 2008/EXT 2011/1-0 (56)}) 10... Ne4 11.
Nbd2 f5 12. Rfe1 Nd7 13. a3 Re8 14. Rac1 Ndf6 15. c4 Be6 16. cxd5 Bxd5 17. Bc4
Rad8 18. Bc7 Rc8 19. Bf4 Nxd2 20. Nxd2 Bf8 21. Be5 Kf7 22. Re3 Nd7 23. f4 Nxe5
24. Rxe5 g6 25. Rce1 $4 (25. Bxd5+ cxd5 26. Rxc8 Rxc8 27. Nf3 $11) 25... Bg7
26. Rxe8 Rxe8 27. Bxd5+ cxd5 28. Rxe8 Bxd4+ 29. Kf1 Kxe8 30. b3 Be3 31. Nf3
Bxf4 32. Ke2 Ke7 33. Kd3 Kd6 34. a4 Kc5 0-1

[Event "178th open MGU 7-8 January 2017"]
[Site "Sofia"]
[Date "2017.01.08"]
[Round "4.2"]
[White "Babatov, Martin"]
[Black "Tsyntsarski, Boyko"]
[Result "1/2-1/2"]
[WhiteElo "1625"]
[BlackElo "1636"]
[PlyCount "132"]
[EventDate "2017.01.07"]
[EventType "swiss"]
[EventRounds "6"]
[EventCountry "BUL"]

1. d4 Nf6 2. c4 g6 3. Nc3 Bg7 4. e4 d6 5. h3 O-O 6. Nf3 e5 7. d5 Nbd7 ({RR} 
7... a5 8. Be3) 8. Bd3 Nc5 9. Bc2 a5 10. Be3 ({RR} 10. Bg5 h6 11. Be3 Nh5 12.
Qd2 Nf4 13. Rh2 ({RR} 13. Bxf4 exf4 14. Qxf4 f5 15. exf5 Bxf5 16. Qd2) 13... c6
({RR} 13... f5 14. O-O-O ({RR} 14. exf5 Bxf5 15. Bxf5 gxf5) 14... g5 ({RR} 
14... fxe4 15. Nxe4 Nxe4 16. Bxe4 Bf5 17. Bxf5 Rxf5 18. g3) 15. Bxc5 dxc5 16.
exf5 ({RR} 16. Qe3) 16... Bxf5 17. Bxf5 Rxf5 18. Qe3) ({RR} 13... g5) 14. dxc6
({RR} 14. O-O-O cxd5 15. cxd5 f5) 14... bxc6 15. O-O-O Nb7 16. g3 Ne6 ({RR} 
16... Nxh3 17. Bxh6 ({RR} 17. Rdh1 Bg4 18. Rxh3 ({RR} 18. Bd1 Bxf3 19. Bxf3 Ng5
20. Bg2) 18... Bxf3 19. Bxh6 Bxh1 20. Bxg7 Kxg7 21. Qh6+ Kf6) 17... Bg4 ({RR} 
17... Qf6 18. Ng1) 18. Qe3 Bxf3 ({RR} 18... Qf6 19. Nd2 Bxd1 20. Bxg7 Qxg7 21.
Nxd1) 19. Bxg7 Kxg7 20. Qxf3 Rh8 21. Rdh1 Ng5 22. Qe3 Rxh2 23. Rxh2) 17. Bxh6
Qf6 18. Bxg7 Kxg7 19. Qe3 Nec5 20. Na4 ({RR} 20. Ng5 Be6 21. Nxe6+ fxe6) 20...
Rb8 ({RR} 20... Nxa4 21. Bxa4 Ra6 22. Ng5 Nc5 23. Bc2 Rb6 24. h4) 21. Ng5 Nxa4
22. Bxa4 Bd7 23. h4 ({RR} 23. f4 Nc5) 23... Nc5 24. Bc2 Rh8 {Rogozenco,D (2531)
-Giaccio,A (2505)/Istanbul 2000/EXT 2001/[Rogozenco,D]/1-0 (34)}) 10... b6 ({RR
} 10... Ne8 11. Qd2 f5 12. O-O-O f4 13. Bxc5 dxc5 14. Kb1 Nd6 15. Qe2 Bd7 16.
Nd2 Qf6 17. f3 b6 18. Ba4 Bxa4 19. Nxa4 Rad8 20. Nc3 Rf7 21. Nb5 Nxb5 22. cxb5
Bf8 23. Nc4 Bd6 24. Qd2 Qe7 25. Qc3 {
Alam,M (2097)-Khan,M (1934)/Dhaka 2015/EXT 2017/1/2 (38)}) 11. Qd2 Ba6 12. b3
Qe8 $146 ({RR} 12... Nh5 13. Nh2 Nf4 14. g3 Ng2+ 15. Kf1 Nxe3+ 16. Qxe3 f5 17.
exf5 gxf5 18. Nf3 Qf6 19. Rd1 Bh6 20. Qe2 Rae8 21. Nh4 e4 22. Nb5 Bxb5 23. cxb5
Kh8 24. Ng2 Rg8 25. Nf4 Bxf4 26. gxf4 Qg7 27. Qe3 {
Colpa,H (2043)-Hajdarevic,S (2151)/Kulen Vakuf 2009/CBM 133 Extra/0-1 (37)})
13. Bh6 Kh8 14. Bxg7+ Kxg7 15. g4 b5 16. cxb5 Bxb5 17. Qe3 Na6 18. Nxb5 Qxb5
19. a3 c6 20. dxc6 Qxc6 21. Rc1 Qc5 22. Qxc5 Nxc5 23. Nd2 Rfc8 24. O-O Rc7 25.
f3 Rac8 26. Nc4 d5 27. exd5 Nxd5 28. Rce1 a4 29. Nd2 Nd7 30. Be4 Nf4 31. Kh2
axb3 32. Nxb3 Rc3 33. Rb1 Nc5 34. Nxc5 R8xc5 35. Ra1 Ra5 36. a4 Rc4 37. Rf2
Rcxa4 38. Rxa4 Rxa4 39. g5 Ra1 40. Rd2 Re1 41. h4 Re2+ 42. Rxe2 Nxe2 43. Kh3 f5
44. gxf6+ Kxf6 45. Kg4 h5+ 46. Kh3 Nf4+ 47. Kg3 Ne6 48. Bc6 g5 49. Be8 Ng7 50.
hxg5+ Kxg5 51. Bc6 h4+ 52. Kh3 Nh5 53. Bd7 Nf4+ 54. Kh2 Kf6 55. Bc8 Ke7 56. Ba6
Kd6 57. Bb7 Kc5 58. Be4 Kd4 59. Bc6 Ke3 60. Bb7 Kf2 61. Bc6 Ne6 62. Kh3 Nd4 63.
Bb7 Nxf3 64. Kg4 Nd2 65. Kxh4 e4 66. Bxe4 Nxe4 1/2-1/2

[Event "178th open MGU 7-8 January 2017"]
[Site "Sofia"]
[Date "2017.01.08"]
[Round "4.3"]
[White "Mladenov, Andrey"]
[Black "Anavi, David"]
[Result "0-1"]
[WhiteElo "1589"]
[BlackElo "1292"]
[PlyCount "80"]
[EventDate "2017.01.07"]
[EventType "swiss"]
[EventRounds "6"]
[EventCountry "BUL"]

1. e4 e5 2. Nf3 Nc6 3. d4 exd4 4. Bc4 Nf6 5. O-O Be7 6. e5 Ne4 7. Re1 d5 8.
exd6 Nxd6 9. Bd5 Bg4 ({RR} 9... O-O 10. Bxc6 bxc6 11. Nxd4 Qd7 12. Nc3 Bf6 13.
Nb3 Qf5 14. Qd3 Qh5 15. Ne4 Nxe4 16. Qxe4 Be6 17. Qxc6 Bd5 18. Qc5 Be5 19. h3
Rae8 20. Bd2 Re6 21. c4 Ba8 22. Bf4 Qg6 23. Bg3 Rfe8 24. Re3 {
Wang,Y (2450)-Wei,Y (2696)/Wuxi 2016/CBM 173 Extra/0-1}) 10. Qe2 $146 ({RR} 10.
Bxc6+ bxc6 11. Qxd4 Bxf3 12. gxf3 O-O 13. Nc3 Bf6 14. Qd3 Rb8 15. Rb1 Re8 16.
Be3 a5 17. b3 g6 18. Ne4 Bg7 19. Rbd1 Nf5 20. Qc4 Qh4 21. Rd7 Re6 22. Rxf7 Rbe8
23. Bg5 Qxg5+ 24. Nxg5 Rxe1+ {
Santiago,G (1714)-Dijkstra,H (1665)/Maastricht 2012/EXT 2013/1-0 (35)}) 10...
Nb4 11. Bb3 Nc6 12. Bg5 h6 13. Bh4 (13. Bxe7 $142 Qxe7 14. Qd3 Be6 15. Bxe6
fxe6 $14) 13... g5 14. Bg3 O-O 15. Nbd2 Bf6 16. Ne4 Re8 17. Nxf6+ $2 (17. Bxd6
cxd6 18. h3 $11) 17... Qxf6 18. Qd3 Bxf3 (18... Bf5 $142 $17) 19. gxf3 Na5 20.
Bd5 c6 21. Be4 Nxe4 22. fxe4 c5 23. e5 Qe6 24. b3 Nc6 25. Qb5 Qe7 (25... h5 26.
h3 h4 27. Bh2 Qxh3 $19) 26. Qe2 Rad8 27. Qh5 Qe6 28. f4 gxf4 29. Bxf4 Kh7 30.
Kh1 Qd5+ 31. Kg1 Rg8+ 32. Bg3 Rg5 33. Qh4 Nxe5 34. Rxe5 Qxe5 35. Rf1 Qe6 36.
Qf4 Qe3+ 37. Qxe3 dxe3 38. Rxf7+ Rg7 39. Rf1 h5 40. Kh1 e2 0-1

[Event "178th open MGU 7-8 January 2017"]
[Site "Sofia"]
[Date "2017.01.08"]
[Round "4.4"]
[White "Huebner, Thomas"]
[Black "Sharkov, Venko"]
[Result "0-1"]
[WhiteElo "1880"]
[BlackElo "1701"]
[PlyCount "42"]
[EventDate "2017.01.07"]
[EventType "swiss"]
[EventRounds "6"]
[EventCountry "BUL"]

1. e4 e5 2. Bc4 Nf6 3. d4 exd4 4. Nf3 Bb4+ 5. c3 dxc3 6. bxc3 d5 7. Bb3 $146 ({
RR} 7. exd5 Qe7+ ({RR} 7... Bd6 8. O-O O-O 9. Bg5 h6 10. Bh4 Bf5 11. Nd4 Bh7
12. Qb3 c5 13. Nf3 b6 14. Nbd2 a6 15. a4 Nbd7 16. Rfe1 g5 17. Bg3 Bxg3 18. fxg3
Ne8 19. Ne5 Nxe5 20. Rxe5 Nd6 21. Rae1 Qb8 22. Qd1 {
Kotainy,J (2406)-Zhigalko,A (2555)/Bad Wiessee 2011/EXT 2012/0-1 (41)}) ({RR} 
7... Be7 8. O-O O-O 9. Ba3 Bxa3 10. Nxa3 Bg4 11. Nc2 Nbd7 12. Ne3 Bxf3 13. Qxf3
Ne5 14. Qe2 Nxc4 15. Qxc4 Re8 16. Rfe1 Qd7 17. Qb3 b6 18. c4 Ne4 19. f3 Nc5 20.
Qc3 Re7 21. g4 Rae8 22. Nf5 {
Gomez Latorre,J (1951)-Sanjuan Alentado,E/Valencia 2009/EXT 2011/1-0 (45)}) 8.
Be3 Bc5 ({RR} 8... Bd6 9. O-O O-O 10. Qc2 Bg4 11. Nbd2 Nbd7 12. Rfe1 Qd8 13.
Bb3 Re8 14. Bd4 Bh5 15. Rxe8+ Qxe8 16. Re1 Qf8 17. h3 Bg6 18. Qd1 a6 19. c4 Re8
20. Rxe8 Qxe8 21. Qe1 Qxe1+ 22. Nxe1 Kf8 23. Kf1 {
Ishmukhametov,A-Popov,A (1977)/Vung Tau 2008/EXT 2009/1/2 (42)}) 9. O-O Bxe3
10. Re1 O-O 11. Rxe3 Qc5 12. Qd4 Qxd4 13. Nxd4 Nbd7 14. Bb3 Nc5 15. c4 Bd7 16.
Nc3 a6 17. Bc2 Rae8 18. Rae1 Rxe3 19. Rxe3 Re8 20. Nb3 Rxe3 21. fxe3 Nxb3 {
Webb,M (1973)-Mihasi,E/Ohrid 2009/CBM 133/1-0 (40)}) ({RR} 7. Qa4+ Bd7 8. Qxb4
Nc6 9. Qxb7 Na5 10. Qb4 Nxc4 11. exd5 Qe7+ 12. Qxe7+ Kxe7 13. Na3 Nxa3 14.
Bxa3+ Kd8 15. O-O Nxd5 16. Ng5 Re8 17. Nxf7+ Kc8 18. c4 Nc3 19. f4 Re2 20. Rf2
Rb8 21. Ne5 Bf5 {Li,R (2535)-Boor,C (2307)/Dayton 2016/CBM 173 Extra/1-0 (55)})
7... Ba5 8. e5 Ne4 9. Qd3 c6 10. Ba3 Bf5 11. Qe3 Bb6 12. Nd4 Bg6 13. O-O Nd7
14. Qe2 Ndc5 15. Kh1 Qh4 16. Nf3 Qh5 17. Bc2 Ng5 18. e6 fxe6 19. Re1 Nxf3 20.
gxf3 O-O-O 21. Bb3 Bc7 0-1

[Event "178th open MGU 7-8 January 2017"]
[Site "Sofia"]
[Date "2017.01.08"]
[Round "4.5"]
[White "Tsenkov, Tsenko"]
[Black "Stefanov, Georgi"]
[Result "0-1"]
[WhiteElo "1540"]
[BlackElo "1262"]
[PlyCount "90"]
[EventDate "2017.01.07"]
[EventType "swiss"]
[EventRounds "6"]
[EventCountry "BUL"]

1. e4 d5 2. exd5 Nf6 3. c4 c6 4. Nc3 cxd5 5. cxd5 Nxd5 6. Bb5+ Bd7 7. Qa4 Nxc3
({RR} 7... Nc7 8. Bxd7+ Qxd7 9. Qb3 Nc6 10. Nf3 e6 11. O-O Be7 12. d4 Na5 13.
Qc2 Na6 14. Qd1 Bf6 15. Bg5 Bxg5 16. Nxg5 h6 17. Nf3 Rd8 18. Re1 O-O 19. d5 Nc7
20. dxe6 Nxe6 21. Qc2 Nd4 22. Nxd4 {
Yazar,O (1285)-Ozenc,B (1491)/Manavgat 2016/CBM 170 Extra/0-1 (75)}) 8. Bxd7+
Qxd7 9. Qxd7+ Nxd7 10. bxc3 $146 ({RR} 10. dxc3 O-O-O 11. Nf3 h6 12. Be3 e6 13.
O-O-O Bc5 14. Rd2 Bxe3 15. fxe3 Nc5 16. Rhd1 Ne4 17. Rxd8+ Rxd8 18. Rxd8+ Kxd8
19. Kc2 Ke7 20. Kd3 Nc5+ 21. Kd4 Nd7 22. c4 Kd6 23. b4 b6 24. a4 a5 {
Farinas Lucas,J (1875)-Gonzalez Rodriguez,M/Madrid 2004/EXT 2005/0-1 (49)})
10... e5 11. Ne2 Be7 12. d4 exd4 13. cxd4 Nf6 14. O-O O-O 15. Rb1 b6 16. Be3
Nd5 17. Ng3 f5 18. Bd2 g6 19. Ne2 Bf6 20. Rfd1 Rfd8 21. Be1 Rac8 22. Rbc1 Re8
23. Kf1 Kf7 24. h3 Ke6 25. Nc3 Nxc3 26. Bxc3 Kd5 27. Bb2 Rxc1 28. Bxc1 Re4 29.
f3 Rxd4 30. Ke2 Rxd1 31. Kxd1 Kc4 32. Kc2 b5 33. a3 g5 34. Bd2 f4 35. Bb4 Bd8
36. Kd2 a5 37. Bf8 b4 38. axb4 axb4 39. Bg7 b3 40. Kc1 Kd3 41. h4 Ke2 42. hxg5
Bxg5 43. Be5 Kf2 44. Kb2 Kxg2 45. Kxb3 Kxf3 0-1

[Event "178th open MGU 7-8 January 2017"]
[Site "Sofia"]
[Date "2017.01.08"]
[Round "5.1"]
[White "Anavi, David"]
[Black "Metev, Martin"]
[Result "0-1"]
[WhiteElo "1292"]
[BlackElo "2062"]
[PlyCount "110"]
[EventDate "2017.01.07"]
[EventType "swiss"]
[EventRounds "6"]
[EventCountry "BUL"]

1. e4 e6 2. d4 d5 3. e5 c5 4. c3 Nc6 5. Nf3 Qb6 6. a3 Nge7 7. Bd3 Bd7 8. Bc2
cxd4 9. cxd4 Nf5 10. Bxf5 exf5 11. Nc3 Be6 12. O-O Be7 13. b3 $146 ({RR} 13. b4
O-O 14. Ng5 Qxd4 15. Qxd4 Nxd4 16. Rd1 Nb3 17. Nxe6 fxe6 18. Rb1 Nxc1 19. Rbxc1
a6 20. Na4 Rac8 21. Nb6 Rxc1 22. Rxc1 Bg5 23. Rc7 Rf7 24. Rc8+ Rf8 25. Rc7 Rf7
26. Nd7 h6 27. Rxb7 Re7 {
Somova,N (1963)-Kahancova,I (1634)/Sibenik 2007/CBM 120 Extra/1-0 (36)}) ({RR} 
13. Na4 Qd8 14. b4 O-O 15. Be3 b6 ({RR} 15... Rc8 16. Rc1 Nb8 17. Qd3 Qe8 18.
Nb2 Qd7 19. Nd2 Rxc1 20. Rxc1 Rc8 21. Rxc8+ Qxc8 22. Nb3 b6 23. Nd1 a6 24. Bd2
h6 25. g3 Kf8 26. Ne3 g6 27. Nc1 Nd7 28. a4 Kg7 29. Ne2 Qb7 30. b5 {
Nitish,B (2269)-Lkhamsuren,U (2123)/Prague 2016/CBM 173 Extra/1-0 (85)}) 16.
Qd2 Qd7 17. Nb2 Rfc8 18. Nd3 Rc7 19. Nf4 Rac8 20. Nh5 Qd8 21. Rfc1 Nb8 22. Rxc7
Rxc7 23. Bg5 Bxg5 24. Nxg5 h6 25. Nf3 Nd7 26. h4 Qc8 27. Ne1 Rc4 {
Vitiugov,N (2721)-Werle,J (2555)/Karlsruhe 2016/CBM 171 Extra/1-0 (37)}) ({RR} 
13. Ne2 h6 14. Nf4 O-O 15. b3 Rac8 16. Bb2 Na5 17. Nd2 Rc7 18. Nd3 Rfc8 19. b4
Nc4 20. Nxc4 Rxc4 21. Nc5 Bxc5 22. dxc5 Qb5 23. Rc1 a5 24. Rxc4 Qxc4 25. Qd2
axb4 26. axb4 Ra8 27. Rc1 Qb5 {
Kopaloff,L (1479)-Caliskan,S (1645)/Prague 2016/CBM 174 Extra/0-1 (45)}) 13...
O-O 14. Na4 Qc7 15. Re1 b5 16. Nc5 Nxd4 17. Nxd4 Bxc5 18. Qd3 Qb6 19. Be3 f4
20. Nxe6 fxe3 21. Nxc5 exf2+ 22. Kxf2 Qxc5+ 23. Kf1 Rae8 24. Rec1 Qe7 25. Qxd5
Qxe5 26. Qxe5 Rxe5 27. Re1 Rfe8 28. Rxe5 Rxe5 29. Rd1 g6 30. Kf2 Kg7 31. Rd7 a6
32. Ra7 Re6 33. Kf3 Rc6 34. Ke4 Rc3 35. Rxa6 Rxb3 36. Rb6 h5 37. h3 Kh6 38. Kf4
h4 39. Rb7 Rg3 40. Rxb5 Rxg2 41. Rb3 g5+ 42. Kf5 Rg3 43. Rb2 Rf3+ 44. Ke4 Rxa3
45. Rh2 Kg6 46. Ke5 f6+ 47. Ke4 f5+ 48. Ke5 Re3+ 49. Kd4 f4 50. Rh1 Kf5 51. Rh2
Re8 52. Kd3 f3 53. Rf2 Kf4 54. Rh2 Rd8+ 55. Kc2 Kg3 0-1

[Event "178th open MGU 7-8 January 2017"]
[Site "Sofia"]
[Date "2017.01.08"]
[Round "5.2"]
[White "Tsyntsarski, Boyko"]
[Black "Vasilev, Lyuboslav"]
[Result "1/2-1/2"]
[WhiteElo "1636"]
[BlackElo "1813"]
[PlyCount "83"]
[EventDate "2017.01.07"]
[EventType "swiss"]
[EventRounds "6"]
[EventCountry "BUL"]

1. e4 e5 2. Nf3 Nc6 3. Bb5 Nf6 4. O-O Nxe4 5. d4 Nd6 6. Bxc6 dxc6 7. dxe5 Nf5
8. Qxd8+ Kxd8 9. Bg5+ Ke8 10. Rd1 Be6 11. Nd4 Nxd4 12. Rxd4 h6 13. Bh4 g5 14.
Bg3 Rd8 $146 ({RR} 14... Bc5 15. Rd2 Ke7 16. Nc3 Bb4 17. Rad1 Bxc3 18. bxc3
Rad8 19. a3 Rxd2 20. Rxd2 Rd8 21. Rxd8 Kxd8 22. Kf1 Bf5 23. Ke2 Bxc2 24. f4 Kd7
25. Kf3 Ke6 26. fxg5 hxg5 27. Kg4 Be4 28. Kxg5 Bxg2 29. h4 {
Georgiev,N (1506)-Kostov,N (1756)/Sofia 2016/CBM 171 Extra/1/2 (48)}) 15. Rxd8+
Kxd8 16. Nc3 Bf5 17. Rd1+ Kc8 18. Rd2 Bb4 19. a3 Bxc3 20. bxc3 Rd8 21. Rxd8+
Kxd8 22. Kf1 Kd7 23. Ke2 Bxc2 24. Ke3 Ke6 25. Kd4 b6 26. f4 Bb3 27. h4 c5+ 28.
Ke3 gxf4+ 29. Bxf4 h5 30. Bg5 Kxe5 31. Bf4+ Kd5 32. Bxc7 f5 33. g3 Bc2 34. Kd2
Be4 35. Kc1 Kc4 36. Kb2 b5 37. Be5 a6 38. Bd6 Kd5 39. Be7 c4 40. Bd8 Bd3 41.
Bc7 Ke4 42. Bf4 1/2-1/2

[Event "178th open MGU 7-8 January 2017"]
[Site "Sofia"]
[Date "2017.01.08"]
[Round "5.3"]
[White "Sharkov, Venko"]
[Black "Babatov, Martin"]
[Result "0-1"]
[WhiteElo "1701"]
[BlackElo "1625"]
[PlyCount "60"]
[EventDate "2017.01.07"]
[EventType "swiss"]
[EventRounds "6"]
[EventCountry "BUL"]

1. Nf3 c6 2. c4 Nf6 3. g3 d5 4. Bg2 Bf5 5. O-O e6 6. b3 Be7 7. Bb2 Nbd7 8. d3
O-O 9. Nh4 ({RR} 9. Qc2 Rc8 10. Nc3 Qc7 11. Nh4 Bg4 12. f4 Bh5 13. e4 Ng4 14.
Nd1 Bxh4 15. gxh4 dxe4 16. dxe4 e5 17. Qc3 Qb6+ 18. Kh1 Qd8 19. Qg3 f5 20. exf5
Rxf5 21. fxe5 Rxf1+ 22. Bxf1 Ndxe5 23. h3 Qd2 {
Burmakin,V (2625)-Strunski,A (2275)/Schwaebisch Gmuend 2009/CBM 128 Extra/1-0})
9... Bg6 10. Nxg6 hxg6 11. Nd2 e5 $146 ({RR} 11... Nh5 12. Qc2 Rc8 13. e4 dxc4
14. Nxc4 Nhf6 15. d4 Qc7 16. Rfd1 b5 17. Ne3 c5 18. Rac1 Qb8 19. d5 e5 20. a4
a6 21. axb5 axb5 22. Bh3 Bd6 23. Ng4 Rcd8 24. Nxf6+ gxf6 25. Ba3 b4 26. Bb2 {
Rat,D (2329)-Papp Zoltan,C (2208)/Hungary 2007/EXT 2008/1/2 (31)}) ({RR} 11...
Qb6 12. Qc2 Rfd8 13. Rac1 a5 14. a3 Bc5 15. e3 d4 16. e4 g5 17. h3 e5 18. Nf3
Nh7 19. Rb1 f6 20. Bc1 Be7 21. h4 g6 22. hxg5 Nxg5 23. Bxg5 fxg5 24. Bh3 Qc7
25. Qd2 Kg7 26. Nxg5 {
Sviridov,V (2517)-Vasilyev,V (2307)/Kolomna 2016/CBM 174/1-0 (47)}) ({RR} 11...
a5 12. d4 Bd6 13. e4 Bb8 14. cxd5 exd5 15. e5 Ne8 16. Ba3 Ba7 17. Bxf8 Bxd4 18.
Ba3 Bxa1 19. Qxa1 Nc7 20. Bb2 Ne6 21. Nf3 Ndc5 22. Nd4 Qc7 23. Nxe6 Nxe6 24.
Qc1 Rd8 25. Rd1 Qb6 26. Bh3 {
Vrtal,J (2057)-Laurincova,K (1739)/Stare Mesto 2015/EXT 2016/1-0}) ({RR} 11...
Qa5 12. cxd5 cxd5 13. e4 Ba3 14. Bxa3 Qxa3 15. exd5 Nxd5 16. Nc4 Qa6 17. Qd2
N7f6 18. Rac1 Rac8 19. Rc2 b5 20. Ne5 Rxc2 21. Qxc2 Rc8 22. Qd2 Qd6 23. d4 Qc7
24. Rd1 Qc2 25. Nd3 Rc3 26. Bf3 {
Wimmer,M (2116)-Contos,V (2105)/Czechia 2012/EXT 2013/1/2 (50)}) 12. e3 Bd6 13.
Rc1 Rc8 14. Qc2 Qe7 15. Rfe1 Rfe8 16. Qb1 Bb8 17. Qa1 Nc5 18. Ba3 Bd6 19. Bxc5
Bxc5 20. d4 Bb4 21. Red1 exd4 22. Qxd4 Bc5 23. Qh4 Ba3 24. Rc2 dxc4 25. Nxc4
Bc5 26. Rcd2 Rcd8 27. Qg5 Rxd2 28. Rxd2 Bb4 29. Rd3 Rd8 30. Qe5 Rxd3 0-1

[Event "178th open MGU 7-8 January 2017"]
[Site "Sofia"]
[Date "2017.01.08"]
[Round "5.4"]
[White "Stefanov, Georgi"]
[Black "Huebner, Thomas"]
[Result "0-1"]
[WhiteElo "1262"]
[BlackElo "1880"]
[PlyCount "28"]
[EventDate "2017.01.07"]
[EventType "swiss"]
[EventRounds "6"]
[EventCountry "BUL"]

1. e4 e5 2. f4 d5 3. exd5 c6 4. fxe5 (4. Nc3 $142) 4... Qh4+ 5. g3 Qe4+ 6. Qe2
Qxh1 7. Nf3 Bh3 $146 ({RR} 7... Bg4 8. Kf2 Qxf3+ ({RR} 8... Bc5+ 9. d4 Bxd4+
10. Nxd4 Bxe2 {
0-1 Vavrinkova,A (1284)-Stastna,M (1119)/Kouty nad Desnou 2014/EXT 2015}) 9.
Qxf3 Bxf3 10. Kxf3 cxd5 11. d4 Nc6 12. c3 f6 13. Bb5 fxe5 14. Bxc6+ bxc6 15.
dxe5 Bc5 16. b4 Bb6 17. Bf4 Ne7 18. Nd2 O-O 19. h4 Ng6 20. Re1 Rae8 21. Kg4 h5+
22. Kg5 {Acunzo,D (1745)-Swannie,D (1947)/Liscate 2011/EXT 2014/0-1}) 8. dxc6
Nxc6 9. e6 Qxf1+ 10. Qxf1 Bxf1 11. Kxf1 fxe6 12. d4 Nf6 13. Na3 h6 14. Bd2
O-O-O 0-1

[Event "178th open MGU 7-8 January 2017"]
[Site "Sofia"]
[Date "2017.01.08"]
[Round "5.5"]
[White "Tsenkov, Tsenko"]
[Black "Mladenov, Andrey"]
[Result "1-0"]
[WhiteElo "1540"]
[BlackElo "1589"]
[PlyCount "91"]
[EventDate "2017.01.07"]
[EventType "swiss"]
[EventRounds "6"]
[EventCountry "BUL"]

1. e4 c5 2. Bc4 Nf6 3. Nc3 d6 4. Nf3 e6 5. e5 dxe5 6. Nxe5 Be7 7. Bb5+ Nbd7 8.
d3 O-O 9. Nxd7 Bxd7 10. Bxd7 Qxd7 11. O-O a6 $146 ({RR} 11... b6 12. Qf3 h6 13.
Bf4 b5 14. Rad1 b4 15. Ne4 Nxe4 16. dxe4 Qa4 17. Qg3 Bg5 18. Bxg5 hxg5 19. Qxg5
Qxc2 20. Qe5 Rfd8 21. Rxd8+ Rxd8 22. Qh5 Qxe4 23. h3 Rd2 24. Qxc5 Rxb2 25. Qc8+
Kh7 26. f3 {Szabo,M-Carjan,I/Buzias 2002/EXT 2008/0-1}) 12. Qf3 Nd5 13. Nxd5
exd5 14. Re1 Bf6 15. c3 Rfe8 16. Bd2 Rad8 17. Rab1 c4 18. d4 b5 19. a3 a5 20.
Kf1 b4 21. Rxe8+ Rxe8 22. axb4 axb4 23. h3 Qa4 24. Qd1 Qxd1+ 25. Rxd1 Ra8 26.
Rb1 b3 27. Ke2 Kf8 28. f4 Ke7 29. Kf3 g6 30. Kg4 h5+ 31. Kf3 Ra2 32. g4 hxg4+
33. hxg4 Kd6 34. f5 Kc6 35. g5 Be7 36. f6 Bd6 37. Bf4 Bf8 38. Bd2 Ra8 39. Re1
Kd7 40. Bf4 Ra2 41. Re2 Ba3 42. Bc1 Ra1 43. Re1 Bxb2 (43... Rxc1 $1 44. Rxc1
Bxb2 45. Rh1 Bxc3 46. Ke3 Bb4 $19) 44. Re7+ Kc6 45. Bxb2 Ra2 (45... Rb1 $1 46.
Re2 Rg1 47. Rg2 Rf1+ 48. Rf2 Rg1 49. Kf4 Kb5 50. Ke5 Kc6 51. Kf4 $11) 46. Re2
$138 1-0